Pozycja Topical Term
Liczba rekordów, w których użyto hasła: 1
001 - Numer kontrolny
- control field: 40918
003 - Identyfikator numeru kontrolnego
- control field: NUKAT
005 - Data i czas ostatniej modyfikacji
- control field: 20260429144301.0
008 - Dane kontrolne kodowane (40 znaków)
- fixed length control field: 050120n||azznnbabn |a ana |
010 ## - Numer kontrolny Biblioteki Kongresu
- numer kontrolny LC: p 2004307654
035 ## - Numer systemowy
- numer systemowy: a10078228
035 ## - Numer systemowy
- numer systemowy: (PL)a0000001007822
040 ## - Instytucja sporządzająca rekord
- inst. przygot. dane do rek. khw: WA N
- język haseł przedmiotowych/tezaurus: DBN
- inst. wprow. rek. khw: WA N
045 0# - Okres czasu dla hasła
- okr. czasu od 9999 pne do n.e.: d1956
072 ## - Kod kategorii przedmiotu
- kod kategorii przedmiotu: 13
150 ## - Hasło - nazwa pospolita
- nazwa posp. lub nazwa geogr. na pocz.: Powstanie węgierskie (1956)
450 ## - Trop zob. - nazwa pospolita
- nazwa posp. lub nazwa geogr. na pocz.: Węgierskie, powstanie (1956)
450 ## - Trop zob. - nazwa pospolita
- nazwa posp. lub nazwa geogr. na pocz.: Rewolucja 1956 na Węgrzech
450 ## - Trop zob. - nazwa pospolita
- nazwa posp. lub nazwa geogr. na pocz.: Rewolucja węgierska (1956)
550 ## - Trop zob. też - nazwa pospolita
- podpole kontrolne: g
- nazwa posp. lub nazwa geogr. na pocz.: Odwilż (1953-1957)
550 ## - Trop zob. też - nazwa pospolita
- podpole kontrolne: g
- nazwa posp. lub nazwa geogr. na pocz.: Ruchy społeczne
550 ## - Trop zob. też - nazwa pospolita
- nazwa posp. lub nazwa geogr. na pocz.: Pasaż Corvina (Budapeszt)
550 ## - Trop zob. też - nazwa pospolita
- nazwa posp. lub nazwa geogr. na pocz.: Powstańcy węgierscy (1956)
550 ## - Trop zob. też - nazwa pospolita
- podpole kontrolne: h
- nazwa posp. lub nazwa geogr. na pocz.: Masakra na Placu Kossutha (1956)
551 ## - Trop zob. też - nazwa geograficzna
- nazwa geograficzna: Węgry
551 ## - Trop zob. też - nazwa geograficzna
- nazwa geograficzna: ZSRR
682 ## - Informacja o usuniętym haśle
- tekst wyjaśniający: zmienione z:
- zastąpione hasło: Powstanie 1956 r. węgierskie